Quizzes
Events
Quiz Creation
Community
Videos
Private Events
Remove Ads
Sign In
Join for FREE
Feedback
Dark Mode
Quiz Categories
Sports
Geography
Music
Movies
Television
Just For Fun
Miscellaneous
History
Literature
Language
Science
Gaming
Entertainment
Religion
Holiday
For Kids
Quiz Lab
Recent
Popular Today
Quiz Kudos Today
Editor Picks
Curator Picks
Quizzes by...
Day
Popularity
Type
Ratings
Length
Year
Community
Subscriptions
Recent Discussions
Orange Saloon
Badges
Playlists
Quests
Create
Leaderboards
Showdown
Live 5
Trivia Bingo
Activity
Puzzle Library
Sporcle Events
Private Events
Virtual Trivia
Globe League
Become a Host
Pub Owners
SporcleCon
Opinionation
Our Games
Videos
Blog
Mobile Apps
Partnerships
Remove Ads and Go Orange
Feedback
Geography
Country
Landmarks
City
State
Population
World
Capital
Continent
Flags
Europe
Africa
Asia
South America
North America
Oceania
Border
Canada
United Kingdom
Topography
United States
Geography
Country
Landmarks
City
State
Population
World
Capital
Continent
Flags
Europe
Africa
Asia
South America
North America
Oceania
Border
Canada
United Kingdom
Topography
United States
Random Quiz
Search Sporcle
×
Quiz Lab
Quiz Lab
Geography
Country
Type in answers that appear in a list
Type in answers that appear in a list
Classic
Best Score? Go Orange.
Top 30 Countries by Nominal GDP, Per Capita Stats
Can you name the Top 30 Countries by Nominal GDP, Per Capita?
By
davidmweiss
6m
30 Questions
145 Plays
145 Plays
145 Plays
Comments
Comments
Give Quiz Kudos
Give Quiz Kudos
-
- Ratings
hide this ad
Replay
Link that replays current quiz
Next Quiz
Link to next quiz in quiz playlist
You Got
0%
They Got
Avg Score
84%
Avg Friend Score
Upgrade to see
Score Distribution
Jump to the score distribution portion of the page
Score
0/30
Timer
06:00
0
Plays Today
Nominal GDP Per Capita (in USD)
Country
% Correct
41,800
Germany
95.2%
57,800
Sweden
94.5%
111,400
Luxembourg
93.1%
106,400
Norway
93.1%
53,000
Canada
92.4%
47,500
Finland
92.4%
39,800
France
92.4%
188,400
Monaco
91.7%
28,800
Spain
91.7%
46,400
Belgium
91%
56,500
Denmark
90.3%
46,200
The Netherlands
90.3%
79,700
Switzerland
89.7%
32,900
Italy
89%
70,000
Australia
86.9%
Nominal GDP Per Capita (in USD)
Country
% Correct
51,600
Singapore
85.5%
46,800
Japan
85.5%
48,400
Austria
84.8%
94,000
Qatar
82.8%
43,500
Iceland
82.8%
44,600
Ireland
82.1%
139,300
Liechtenstein
81.4%
57,700
San Marino
80%
39,200
New Zealand
80%
65,500
Kuwait
78.6%
50,000
United States
73.1%
38,700
United Kingdom
68.3%
31,700
Israel
66.2%
40,700
Brunei
59.3%
67,500
United Arab Emirates
55.9%
Quiz Playlist
Details
Report
Send in Message
Add To Playlist
Classic:
Type in answers that appear in a list
Last Updated: Feb 16, 2017
Quiz Scoreboard
CHALLENGE
Sign Up to Join the Scoreboard
Show All
Scores
Hide
Comments
May contain spoilers
Recently Published
An Introduction to Baseball
by treessimontrees
Sports
5m
Movies - When Are They Set?
by FPL_Elf
Movies
5m
Popular People in 1961
by mucciniale
History
6m
More to Explore
Quiz From the Vault
Featured Blog Post
Where Did the Easter Bunny Come From?
hide this ad
You Might Also Like...
Tags
Country Quiz
Per Capita
Top 30
USD
Today's Top Quizzes in Geography
Browse Geography
hide this ad
Today's Top Quizzes in Country
Browse Country
Top Contributed Quizzes in Geography
1
Countries of the World - No Outlines Minefield
2
Top 25 Cities of France on a map
3
Closest Countries to UK A-Z
4
One Thing in Common: United Kingdom
5
Any capital of a 'B' country per Continent
6
Blind Secret Country CLXXXVIII
7
African Flag Reveal XLV
8
Blind Ultimate Minefield: USA
9
Find the US States - No Outlines
10
One Thing in Common: Asia
Explore More
Trending Topics
Harry Potter
Disney
NBA
Anime
Crossword
Marvel
Kpop
The Office
WWE
Song
Country
NFL
Pokémon
Soccer
Puzzle
hide this ad
More By:
davidmweiss
Quiz
Plays
Rating
Category
Featured
Created
International Air Routes-Chicago-O'Hare (by Passengers)
163
Just For Fun
Jun 24, 2013
Top 30 Countries by Nominal GDP, Per Capita
145
2.50
Geography
Jun 24, 2013
Air Routes-Minneapolis/St. Paul (MSP) (by Passengers)
136
Just For Fun
Jun 24, 2013
Top 30 Countries by Nominal Gross Domestic Product
127
4.00
Geography
Jun 24, 2013
Top 15 U.S. Law Firms (per 2014 Vault 100 Survey)
104
4.50
Miscellaneous
Oct 16, 2013
Go to Creator's Profile
Score Distribution
Quiz Creator Spotlight
davidmweiss
Follow
Send a Message
Quizzes Created
-
Created Quiz Play Count
-
More By This Creator
Popular Quizzes Today
1
Find the Countries of Europe - No Outlines Minefield
2
Find the US States - No Outlines Minefield
3
The Countries of the World
4
Popular People in 1961
5
US States
6
1-10 Letter E Words III
7
Find the US States
8
One Thing in Common: World Cities II
More Geography Quizzes
7 to 1: African Countries
Quiz Lab
Trending Quizzes
Risky Map Clicking: Least Populous States A-Z
1-10 Letter F Words
1-10 Letter G Words
One Thing in Common: United Kingdom
Risky Map Clicking: Next State Alphabetically
Recently Updated
Leaping Animals
pecheneg
Reality TV Shows (A-Z)
bhenderson79
Rickey Henderson's Hall of Fame Teammates
pecheneg
Champions League XIs: Arsenal
pecheneg
Quick Pick: Celebrities in WWE's Hall of Fame
aduchscher
A-Z Keypad Blitz II
pecheneg
Multiple Oscar Actors
pecheneg
Mystery Phrase Blitz: Oscar 'Best Actors'
pecheneg
F. Scott Fitzgerald Novels
LTH
Pick 3 Villains
ddd62291
Trending Topics
Kpop
NBA
Marvel
Crossword
Harry Potter
Disney
Anime
Country
Soccer
NFL
Song
WWE
The Office
Pokémon
Puzzle
Your Account Isn't Verified!
In order to create a playlist on Sporcle, you need to verify the email address you used during registration. Go to your
Sporcle Settings
to finish the process.
Report this User
Report this user for behavior that violates our
Community Guidelines
.
Details:
Send Report
Go to the Sporcle.com Mobile Site →
Comments